000 00273nam a2200121Ia 4500
005 20251222141834.0
008 251222s9999||||xx |||||||||||||| ||spa||
082 _a332.1/Z95
100 _aZuñiga A., Remigio
245 0 _aBanca Nacional
264 _bLibertad
942 _cLIB
999 _c7197
_d7197